000 00535nam a2200169 i 4500
001 89796
003 ES-MaACL
005 20230906180253.0
007 t|
008 050113s1946 fr ||||1| fre d
100 1 _aLaurent, René.
_970637
245 1 2 _aL'elecrification de la maison moderne /
_cRené Laurent ; préface de Mme. J[eanne] Grillet.
260 _aLyon :
_b[s.n.,
_c1946] (
_fL'Imprimerie Generale Lyonnaisse)
300 _a163 p. ;
_c22 cm.
700 1 _aGrillet, Jeanne.
_960029
852 _aES-MaACL
_j1875-F-3
_bR.25007
999 _c89796
_d89796